Statistics for Countries with the Closest Population Number to Afghanistan

Click here to take the quiz!

General Stats

  • This quiz has been taken 15 times
  • The average score is 16 of 20

Answer Stats

HintAnswer% Correct
51,815,000South Korea
93%
44,496,000Iraq
86%
54,027,000Kenya
86%
46,000,000Sudan
86%
44,903,000Algeria
79%
35,000,000Angola
79%
38,000,000Canada
79%
51,874,000Colombia
79%
37,000,000Morocco
79%
39,857,000Poland
79%
36,000,000Saudi Arabia
79%
47,558,000Spain
79%
34,627,000Uzbekistan
79%
33,696,000Yemen
79%
45,000,000Argentina
71%
54,179,000Myanmar
71%
47,249,000Uganda
71%
39,701,000Ukraine
71%
33,938,000Malaysia
64%
34,049,000Peru
64%

Score Distribution

Percentile by Number Answered

Percent of People with Each Score

Your Score History

You have not taken this quiz